Latin Names for Elements - Statistics

General Stats
  • This quiz has been taken 41 times
  • The average score is 6 of 11
Answer Stats
English Latin % Correct
Gold Aurum
85%
Iron Ferrum
85%
Silver Argentum
74%
Sodium Natrium
70%
Lead Plumbum
67%
Tungsten Wolfram
63%
Copper Cuprum
52%
Potassium Kalium
52%
Tin Stannum
44%
Antimony Stibium
30%
Mercury Hydrargyrum
26%
No matching quizzes found
Score Distribution
Percent of People with Each Score
Percentile by Number Answered
Your Score History
You have not taken this quiz